000
00273nam a2200109Ia 4500
008
220216s9999 xx 000 0 und d
100
_a
Nair V K B
245
0
_a
Out of jungles: Common rubber plants
260
_b
Indian Rubber Grower
_c
1953
300
_a
14-Nov
942
_c
JS
999
_c
64502
_d
64502